Add a Prefix and Create a Word - Click Quiz - Statistics

General Stats
  • This quiz has been taken 1,101 times
  • The average score is 17 of 22
Answer Stats
Hint Answer % Correct
octa gon
89%
tri angle
88%
ultra violet
87%
ir regular
86%
dys topia
84%
pan cake
83%
ex cel
81%
super ficial
81%
ambi guous
81%
omni vore
81%
de stination
80%
homo nym
78%
im pale
78%
under mine
77%
pro fane
76%
dis obey
74%
mid stream
74%
non descript
73%
trans fix
71%
on looker
71%
fore shadow
71%
sub par
70%
No matching quizzes found
Score Distribution
Percent of People with Each Score
Percentile by Number Answered
Your Score History
You have not taken this quiz